Chemical bonding and the geometry of molecules. (Record no. 13414)
[ view plain ]
| 000 -LEADER | |
|---|---|
| fixed length control field | 00813cam a22002651 4500 |
| 001 - CONTROL NUMBER | |
| control field | 13414 |
| 003 - CONTROL NUMBER IDENTIFIER | |
| control field | OST 62020784 |
| 005 - DATE AND TIME OF LATEST TRANSACTION | |
| control field | 20251117114049.0 |
| 008 - FIXED-LENGTH DATA ELEMENTS--GENERAL INFORMATION | |
| fixed length control field | 721213s1963 nyua b 000 0 eng |
| 010 ## - LIBRARY OF CONGRESS CONTROL NUMBER | |
| LC control number | |
| 035 ## - SYSTEM CONTROL NUMBER | |
| System control number | 1222962 |
| 040 ## - CATALOGING SOURCE | |
| Original cataloging agency | DLC |
| Transcribing agency | BSULIB |
| Modifying agency | BSU |
| 050 00 - LIBRARY OF CONGRESS CALL NUMBER | |
| Classification number | QD461 |
| Item number | .R95 |
| 082 00 - DEWEY DECIMAL CLASSIFICATION NUMBER | |
| Classification number | 541.22 RYS |
| 100 1# - MAIN ENTRY--PERSONAL NAME | |
| Personal name | Ryschkewitsch, George E. |
| 9 (RLIN) | 26091 |
| 245 10 - TITLE STATEMENT | |
| Title | Chemical bonding and the geometry of molecules. |
| Statement of responsibility, etc | George E. Ryschkewitsch, |
| 260 ## - PUBLICATION, DISTRIBUTION, ETC. (IMPRINT) | |
| Place of publication, distribution, etc | New York, |
| Name of publisher, distributor, etc | Reinhold |
| Date of publication, distribution, etc | [1963] |
| 300 ## - PHYSICAL DESCRIPTION | |
| Extent | 116 p.; |
| Other physical details | illus. ; |
| Dimensions | 19 cm. |
| 440 #0 - SERIES STATEMENT/ADDED ENTRY--TITLE | |
| Title | Selected topics in modern chemistry |
| 9 (RLIN) | 26092 |
| 504 ## - BIBLIOGRAPHY, ETC. NOTE | |
| Bibliography, etc | Includes bibliography. |
| 650 #0 - SUBJECT ADDED ENTRY--TOPICAL TERM | |
| Topical term or geographic name as entry element | Molecules. |
| 9 (RLIN) | 26093 |
| 906 ## - LOCAL DATA ELEMENT F, LDF (RLIN) | |
| a | 7 |
| b | cbc |
| c | orignew |
| d | u |
| e | ocip |
| f | 19 |
| g | y-gencatlg |
| 942 ## - ADDED ENTRY ELEMENTS (KOHA) | |
| Source of classification or shelving scheme | Dewey Decimal Classification |
| Item type | Books |
| Withdrawn status | Lost status | Source of classification or shelving scheme | Damaged status | Not for loan | Home library | Current library | Shelving location | Date acquired | Source of acquisition | Inventory number | Total Checkouts | Full call number | Barcode | Date last seen | Copy number | Price effective from | Koha item type | Public note |
|---|---|---|---|---|---|---|---|---|---|---|---|---|---|---|---|---|---|---|
| Dewey Decimal Classification | Main Library | Main Library | Open Shelves | 17/11/2011 | Donation | 24831 | 541.22 RYS | bsu25110181 | 17/11/2025 | 001 | 17/11/2025 | Books | Material Available In Hardcopy |